Music Quiz

Random Music Quiz

My Past Is Not Today lyrics Quiz Stats

 Plays Quiz not verified by Sporcle

Score 0/120 Timer 10:00
0 Plays Today
Lyrics % Correct
I
95.2%
the
95.2%
I
95.2%
I
95.2%
I
95.2%
the
95.2%
the
95.2%
I
95.2%
the
95.2%
I
95.2%
I
95.2%
the
95.2%
I
95.2%
I
95.2%
Power
90.5%
was
90.5%
that
90.5%
was
90.5%
a
90.5%
in
90.5%
that
90.5%
my
90.5%
my
90.5%
was
90.5%
all
85.7%
but
85.7%
all
85.7%
inside
85.7%
me
85.7%
me
85.7%
me
85.7%
me
85.7%
but
85.7%
me
85.7%
me
85.7%
me
85.7%
me
85.7%
desired
81%
grew
81%
When
81%
Lyrics % Correct
to
81%
and
81%
when
81%
and
81%
side
81%
to
81%
you
81%
when
81%
be
81%
to
81%
And
81%
when
81%
and
81%
when
81%
you
81%
and
81%
and
81%
darkness
76.2%
that's
76.2%
sky,
76.2%
I'll
76.2%
can't
76.2%
may
76.2%
not
76.2%
know
76.2%
not
76.2%
not
76.2%
that's
76.2%
lost
71.4%
your
71.4%
friendship
71.4%
found
71.4%
Like
71.4%
show
71.4%
what
71.4%
future
71.4%
holds,
71.4%
say
71.4%
past
71.4%
past
71.4%
Lyrics % Correct
is
71.4%
is
71.4%
what
71.4%
found
71.4%
like
71.4%
acquired.
66.7%
began
66.7%
fall
66.7%
path
66.7%
ahead,
66.7%
it
66.7%
lifted
66.7%
instead.
66.7%
burning
66.7%
bright
66.7%
there's
66.7%
another
66.7%
deny.
66.7%
hear
66.7%
today.
66.7%
Ambition
66.7%
only
66.7%
free.
66.7%
it
66.7%
myself
66.7%
alone,
66.7%
it
66.7%
phoenix
61.9%
define
61.9%
way
61.9%
set
61.9%
felt
61.9%
home
61.9%
does
57.1%
'cause
57.1%
would
57.1%
came
57.1%
disappeared,
52.4%
got
52.4%
believed
47.6%

You're not logged in!

Compare scores with friends on all Sporcle quizzes.
OR
Log In

Sporcle TV

Today on Sporcle TV


Watch our educational content, quiz creation guides, and fun videos on Sporcle TV.

Show Comments

Extras

Created Aug 25, 2015ReportNominate
Tags:past, today

Top Quizzes Today


Score Distribution

Your Account Isn't Verified!

In order to create a playlist on Sporcle, you need to verify the email address you used during registration. Go to your Sporcle Settings to finish the process.

Report this User

Report this user for behavior that violates our Community Guidelines.

Details: